| 000 | 02195nam2a2200373 4500 | ||
|---|---|---|---|
| 001 | RU\NLR\BIBL_A\010464397 | ||
| 005 | 20260409075225.0 | ||
| 010 |
_a978-5-89016-949-5 _bвып. 16 |
||
| 021 |
_aRU _b14-52835 |
||
| 035 | _a(NLR Aleph) 010464397 | ||
| 090 |
_a9994012 _c9994012 |
||
| 100 | _a20140922d2014 k y0rusy50 ca | ||
| 101 | 0 |
_arus _deng _erus _eeng |
|
| 102 | _aRU | ||
| 105 | _ay ||z|||||| | ||
| 200 | 1 |
_aЯзыковое сознание и когнитивное моделирование _dLinguistic cognition and cognitive modelling _eсборник научных трудов _fМ-во образования и науки РФ, Рос. акад. наук, Ин-т языкознания РАН [и др. _g... Фурс Л.А. (отв. ред.) и др.] _zeng |
|
| 210 |
_aМосква _cИнститут языкознания РАН _aТамбов _cИздательский дом ТГУ _d2014 |
||
| 215 | _a439 c. | ||
| 300 | _aВ надзаг. также: Тамб. гос. ун-т им. Г.Р. Державина, Рос. ассоц. лингвистов-когнитологов | ||
| 300 | _aНа тит. л.: ISSN 2071-9639 | ||
| 300 | _aРез. ст. на англ. яз. | ||
| 320 | _aБиблиогр. в конце ст. | ||
| 461 | 0 |
_1001RU\NLR\bibl\1436817 _12001#$aКогнитивные исследования языка$vВып. 16 _91388811 _cМосква _d2009 _fФедер. агентство по образованию [и др. _lCognitive studies of language _n[б.и.] _tКогнитивные исследования языка _vВып. 16 |
|
| 510 | 1 |
_aLinguistic cognition and cognitive modelling _zeng |
|
| 606 | 1 |
_aКонцепты _jСборники _92127707 _3RU\NLR\AUTH\661284071 |
|
| 606 |
_aСемантика (лингв.) _jСборники _3RU\NLR\AUTH\666020 _9898384 |
||
| 606 |
_aДискурс (лингв.) _jСборники _3RU\NLR\AUTH\661418476 _92377099 |
||
| 686 | 1 | _aШ103.2я43 | |
| 686 | 1 | _aШ100.0я43 | |
| 702 | 1 |
_4340 _8rus _7ca _aФурс _bЛ. А. _gЛюдмила Алексеевна _3RU\NLR\AUTH\7740410 _923362 |
|
| 942 | _cBOOK | ||
| 980 | _aNB | ||